Statistiken für Dartsplayer Walk-on

Klicken Sie hier um das Quiz zu spielen!

Allgemein

  • Dieses Quiz wurde 63 mal gespielt
  • Das Durchschnittsergebnis liegt bei 8 aus 15

Antwortstatistiken

SpielerWalk-on Song% Korrekt
Phil TaylorThe Power
82%
Raymond van BarneveldEye of the tiger
79%
Gerwyn PriceIce Ice Baby
77%
Michael van GerwenSeven Nation Army
75%
Peter WrightDon't stop the party
66%
Dimitri van den BerghHappy
66%
Michael SmithShut up and dance
66%
Nathan AspinallMr. Brightside
59%
Joe CullenDon't look back in anger
54%
Luke HumphriesCake by the Ocean
41%
Dave ChisnallDizzy
39%
Danny NoppertHigh Hopes
32%
Rob CrossHot Hot Hot
29%
Jonny ClaytonJohnny B. Goode
29%
Dirk van DuijvenbodeJust like you
11%

Verteilung der Resultate

Perzentil nach korrekt beantworteten Fragen

Anzahl Personen mit jedem Resultat

Ihre Resultats-Entwicklung

Sie haben dieses Quiz noch nicht gespielt